00473cam a22001457a 4500008004000000020001500040082001900055245010200074260002400176300001000200650003000210650003600240650002600276700002500302180718b1995 xxu||||| |||| 00| 0 eng d a8122004156 aYA539x54 F851b aBridging the non-proliferation divide: the United States and Indiacedited by Francine R. Frankel aDelhibKonarkc1995 a410p. aDefence, National - India aIndia - Foreign relations - USA aAtomic energy - India aFrankel, Francine R.